Central Library || Chittagong University

Regional and applied anatomy of the domestic animals.// (Record no. 111790)

MARC details
000 -LEADER
fixed length control field 00473nam a22001697a 4500
003 - CONTROL NUMBER IDENTIFIER
control field BD-ChCU
005 - DATE AND TIME OF LATEST TRANSACTION
control field 20260301120635.0
008 - FIXED-LENGTH DATA ELEMENTS--GENERAL INFORMATION
fixed length control field 260301b bg ||||| |||| 00| 0 ben d
040 ## - CATALOGING SOURCE
Transcribing agency BD-ChCU
082 ## - DEWEY DECIMAL CLASSIFICATION NUMBER
Classification number 591.4 TAR
100 ## - MAIN ENTRY--PERSONAL NAME
Personal name Taylor, John A.
9 (RLIN) 20679
245 ## - TITLE STATEMENT
Title Regional and applied anatomy of the domestic animals.//
Statement of responsibility, etc. John A. Taylor.
260 ## - PUBLICATION, DISTRIBUTION, ETC.
Place of publication, distribution, etc. Edinburgh,
Name of publisher, distributor, etc. Oliver and boyd.
Date of publication, distribution, etc. 1955
300 ## - PHYSICAL DESCRIPTION
Extent Part 1-2
650 #0 - SUBJECT ADDED ENTRY--TOPICAL TERM
Topical term or geographic name entry element Anatomy.
9 (RLIN) 20680
942 ## - ADDED ENTRY ELEMENTS (KOHA)
Source of classification or shelving scheme Dewey Decimal Classification
Koha item type Books
Suppress in OPAC No
Holdings
Withdrawn status Lost status Source of classification or shelving scheme Damaged status Not for loan Home library Current library Shelving location Date acquired Source of acquisition Total Checkouts Full call number Barcode Date last seen Copy number Price effective from Koha item type Public note
    Dewey Decimal Classification     Chittagong University Library Chittagong University Library Science Reading Room 03/01/2026 Purchase   591.4 TAR 58824 03/01/2026 C-1 03/01/2026 Books part - 1
    Dewey Decimal Classification     Chittagong University Library Chittagong University Library Science Reading Room 03/01/2026 Purchase   591.4 TAR 61218 03/01/2026 C-2 03/01/2026 Books part - 2
© Copyright 2025. Chittagong University Library, Installation and Maintenance by Prof. Dr. Md. Alamgir, 01711306253